Normal view
MARC view
Entry Topical Term
001 - CONTROL NUMBER
- control field: 33461
003 - CONTROL NUMBER IDENTIFIER
- control field: OSt
005 - DATE AND TIME OF LATEST TRANSACTION
- control field: 20220928143451.0
008 - FIXED-LENGTH DATA ELEMENTS
- fixed length control field: 220928|| aca||aabn | a|a d
040 ## - CATALOGING SOURCE
- Original cataloging agency: OSt
- Transcribing agency: OSt
150 ## - HEADING--TOPICAL TERM
- Topical term or geographic name entry element: Manual health, National mental health programme, Health policy, Mental health care act.
670 ## - SOURCE DATA FOUND
- Source citation: Work cat.: (OSt): Vashist, A Kukreti, I. and Taneja, P.K. 33460, Implementation of mental health care act, 2017: Issues and way forward
